Missing Word: The Office Actors Quiz Stats

 Plays Quiz Updated Sep 9, 2017

Challenge
Share
Tweet
Embed
Score 0/16 Timer 03:00
14 Plays Today
Hint Answer % Correct
Steve CarellVirgin
97.4%
Phyllis SmithChipmunks
90.8%
Steve CarellStupid
88.7%
Rainn WilsonAliens
87.5%
Steve CarellSunshine
84%
Phyllis SmithOut
70.7%
Ed HelmsHangover
69.8%
Ed HelmsMillers
63.9%
Hint Answer % Correct
Rainn WilsonRevenge
57.9%
Steve CarellDespicable
52.8%
Ed HelmsHome
48.1%
Rainn WilsonSuper
44%
Ed HelmsSmithsonian
40.2%
Phyllis SmithTeacher
38.1%
Phyllis SmithCheese
16.6%
Rainn WilsonMimzy
5.8%

Today's Daily Dose

You're not logged in!

Compare scores with friends on all Sporcle quizzes.
OR
Log In

You Might Also Like...

Show Comments

Extras

Top Quizzes Today


Score Distribution

Your Account Isn't Verified!

In order to create a playlist on Sporcle, you need to verify the email address you used during registration. Go to your Sporcle Settings to finish the process.

Report this User

Report this user for behavior that violates our Community Guidelines.

Details: